Quizzes
Events
Quiz Creation
Community
Videos
Private Events
Remove Ads
Sign In
Join for FREE
Feedback
Dark Mode
Quiz Categories
Sports
Geography
Music
Movies
Television
Just For Fun
Miscellaneous
History
Literature
Language
Science
Gaming
Entertainment
Religion
Holiday
For Kids
Quiz Lab
Recent
Popular Today
Quiz Kudos Today
Editor Picks
Curator Picks
Quizzes by...
Day
Popularity
Type
Ratings
Length
Year
Community
Subscriptions
Recent Discussions
Orange Saloon
Badges
Playlists
Quests
Create
Leaderboards
Showdown
Live 5
Trivia Bingo
Activity
Puzzle Library
Sporcle Events
Private Events
Virtual Trivia
Globe League
Become a Host
Pub Owners
SporcleCon
Opinionation
Our Games
Videos
Blog
Mobile Apps
Partnerships
Remove Ads and Go Orange
Feedback
Geography
Country
Landmarks
City
State
Population
World
Capital
Continent
Flags
Europe
Africa
Asia
South America
North America
Oceania
Border
Canada
United Kingdom
Topography
United States
Geography
Country
Landmarks
City
State
Population
World
Capital
Continent
Flags
Europe
Africa
Asia
South America
North America
Oceania
Border
Canada
United Kingdom
Topography
United States
Random Quiz
Search Sporcle
×
Quiz Lab
Quiz Lab
Geography
Volcano
Type in answers that appear in a list
Type in answers that appear in a list
Classic
Best Score? Go Orange.
Volcano eruptions Stats
Can you name the volcano by the year of the eruption?
By
insanechick
5m
11 Questions
59 Plays
59 Plays
59 Plays
Comments
Comments
Give Quiz Kudos
Give Quiz Kudos
-
- Ratings
hide this ad
Random Order
Randomize order of answers
Randomize order of answers
Replay
Link that replays current quiz
Next Quiz
Link to next quiz in quiz playlist
You Got
0%
They Got
Avg Score
25%
Avg Friend Score
Upgrade to see
Score Distribution
Jump to the score distribution portion of the page
Score
0/11
Timer
05:00
0
Plays Today
year
volcano
% Correct
Indonesia 1883
Krakatoa
83.1%
Washington, USA 1980
Mount St Helens
59.3%
Southen Europe 79 AD, 472 and 1631
Mount Vesuvius
42.4%
Luzo, Philippines 1991
Mount Pinatubo
32.2%
Martinique, Eastern Caribbean 1902
Mount Pelee
25.4%
Hawaii, USA 1969 and 1974
Mount Kilauea
15.3%
Alaskan Peninula 1912
Novarupta
13.6%
St Vincent, Eastern Caribbean 1902
La Soufriere
6.8%
Southern Mexico 1982
El Chichon
5.1%
Montserrat, West Indies 1995 and 2008
Souufriere Hills
0%
Chile 2008
Llaima anhd Chaiten
0%
Quiz Playlist
Details
Report
Send in Message
Add To Playlist
Classic:
Type in answers that appear in a list
Random Order:
Randomize order of answers
Last Updated: Feb 16, 2017
Quiz Scoreboard
CHALLENGE
Sign Up to Join the Scoreboard
Show All
Scores
Hide
Comments
May contain spoilers
Recently Published
Movies - When Are They Set?
by FPL_Elf
Movies
5m
Popular People in 1961
by mucciniale
History
6m
1-10 Letter E Words III
by El_Dandy
Language
2m
More to Explore
Quiz From the Vault
Featured Blog Post
Where Did the Easter Bunny Come From?
hide this ad
You Might Also Like...
Tags
Eruption
Volcano
Today's Top Quizzes in Geography
Browse Geography
hide this ad
Today's Top Quizzes in Volcano
Browse Volcano
Top Contributed Quizzes in Geography
1
Countries of the World - No Outlines Minefield
2
Top 25 Cities of France on a map
3
Closest Countries to UK A-Z
4
One Thing in Common: United Kingdom
5
Blind Secret Country CLXXXVIII
6
Blind Ultimate Minefield: USA
7
African Flag Reveal XLV
8
Find the US States - No Outlines
9
One Thing in Common: Asia
10
Find the Provinces of Canada - No Outlines Minefield
Explore More
Trending Topics
NBA
Crossword
Marvel
Kpop
Disney
Anime
Harry Potter
Song
NFL
Soccer
Puzzle
WWE
Country
The Office
Pokémon
hide this ad
More By:
insanechick
Quiz
Plays
Rating
Category
Featured
Created
lobes of the brain
404
4.67
Science
Feb 27, 2011
horror icons
284
Movies
Nov 12, 2010
Rob Zombie (director)
195
1.00
Movies
Nov 9, 2010
movie couples
191
3.00
Movies
Jan 19, 2011
army movies
103
1.00
Movies
Mar 30, 2011
Go to Creator's Profile
Score Distribution
Quiz Creator Spotlight
insanechick
Follow
Send a Message
Quizzes Created
-
Created Quiz Play Count
-
More By This Creator
Popular Quizzes Today
1
Find the Countries of Europe - No Outlines Minefield
2
Find the US States - No Outlines Minefield
3
The Countries of the World
4
Popular People in 1961
5
1-10 Letter E Words III
6
US States
7
Find the US States
8
One Thing in Common: World Cities II
More Geography Quizzes
5x5 in 90: Mixed Geography Minefield Blitz
Published
Trending Quizzes
Risky Map Clicking: Least Populous States A-Z
Humor Books: The Subtitles
1-10 Letter F Words
1-10 Letter G Words
One Thing in Common: United Kingdom
Recently Updated
Leaping Animals
pecheneg
Reality TV Shows (A-Z)
bhenderson79
Rickey Henderson's Hall of Fame Teammates
pecheneg
Champions League XIs: Arsenal
pecheneg
Quick Pick: Celebrities in WWE's Hall of Fame
aduchscher
A-Z Keypad Blitz II
pecheneg
Multiple Oscar Actors
pecheneg
Mystery Phrase Blitz: Oscar 'Best Actors'
pecheneg
F. Scott Fitzgerald Novels
LTH
Pick 3 Villains
ddd62291
Trending Topics
Crossword
Kpop
Disney
Harry Potter
Anime
NBA
Marvel
Song
Country
Puzzle
Pokémon
The Office
NFL
WWE
Soccer
Your Account Isn't Verified!
In order to create a playlist on Sporcle, you need to verify the email address you used during registration. Go to your
Sporcle Settings
to finish the process.
Report this User
Report this user for behavior that violates our
Community Guidelines
.
Details:
Send Report
Go to the Sporcle.com Mobile Site →
Comments